书目信息 |
| 题名: |
科学家与科学
|
|
| 作者: | 刘秦 著 | |
| 分册: | ||
| 出版信息: | 北京 现代出版社 2017 |
|
| 页数: | 299页 | |
| 开本: | 21cm | |
| 丛书名: | ||
| 单 册: | ||
| 中图分类: | K816.1 | |
| 科图分类: | ||
| 主题词: | 科学家--ke xue jia--生平事迹--世界 | |
| 电子资源: | ||
| ISBN: | 978-7-5143-5465-2 | |
| 000 | 00720nam0 22002291 450 | |
| 001 | 0118172315 | |
| 005 | 20170618172315.0 | |
| 010 | @a978-7-5143-5465-2@dCNY25.00 | |
| 100 | @a20170427d2017 em y0chiy50 ea | |
| 101 | 0 | @achi |
| 102 | @aCN@b110000 | |
| 105 | @ay z 000yd | |
| 106 | @ar | |
| 200 | 1 | @a科学家与科学@Ake xue jia yu ke xue@f刘秦著 |
| 210 | @a北京@c现代出版社@d2017 | |
| 215 | @a299页@d21cm | |
| 330 | @a本书收录了30余个科学家的故事,包括尼古拉·哥白尼、威廉·哈维、艾萨克·牛顿、迈克尔·法拉第、玛丽·居里等。 | |
| 606 | 0 | @a科学家@Ake xue jia@x生平事迹@y世界 |
| 690 | @aK816.1@v5 | |
| 701 | 0 | @a刘秦@Aliu qin@f(1936-)@4著 |
| 801 | 0 | @aCN@bTANGWEI@c20170615 |
| 905 | @b1009317-22@dK816.1@e141@f6 | |
| 科学家与科学/刘秦著.-北京:现代出版社,2017 |
| 299页;21cm |
| ISBN 978-7-5143-5465-2:CNY25.00 |
| 本书收录了30余个科学家的故事,包括尼古拉·哥白尼、威廉·哈维、艾萨克·牛顿、迈克尔·法拉第、玛丽·居里等。 |
| ● |
| 相关链接 |
|
|
|
|
正题名:科学家与科学
索取号:K816.1/141
 
预约/预借
| 序号 | 登录号 | 条形码 | 馆藏地/架位号 | 状态 | 备注 |
| 1 | 1009317 | 210093174 | 第二样本阅览室/ [索取号:K816.1/141] | 在馆 | |
| 2 | 1009318 | 210093183 | 教育系资料室/ [索取号:K816.1/141] | 在馆 | |
| 3 | 1009319 | 210093192 | 教育系资料室/ [索取号:K816.1/141] | 在馆 | |
| 4 | 1009320 | 210093209 | 教育系资料室/ [索取号:K816.1/141] | 在馆 | |
| 5 | 1009321 | 210093218 | 第二借阅区/ [索取号:K816.1/141] | 在馆 | |
| 6 | 1009322 | 210093227 | 第二借阅区/ [索取号:K816.1/141] | 在馆 |